Odvetvia v kreatívnom priemysle na Slovensku

Gespeichert in:
Bibliographische Detailangaben
1. Verfasser: Centárová, Jana
Format: Buchkapitel
Sprache:Slowakisch
Tags: Tag hinzufügen
Keine Tags, Fügen Sie das erste Tag hinzu!

MARC

LEADER 00000naa$a2200000$$$4500
001 0271522
005 20240502074257.9
041 0 |a slo 
044 |a SK 
245 1 0 |a Odvetvia v kreatívnom priemysle na Slovensku  |c Jana Centárová 
100 1 |a Centárová, Jana